V Congreso Iberoamericano de Academias de la Historia. Los estudios históricos como expresión de la cultura nacional.
שמור ב:
| מחבר תאגידי: | |
|---|---|
| פורמט: | ספר |
| שפה: | ספרדית |
| יצא לאור: |
Santiago, Chile:
Academia Chilena de la Historia,
1996.
|
| נושאים: | |
| תגים: |
הוספת תג
אין תגיות, היה/י הראשונ/ה לתייג את הרשומה!
|
MARC
| LEADER | 00000nam a2200000 a 4500 | ||
|---|---|---|---|
| 001 | UCM3201 | ||
| 003 | CL-VaPUC | ||
| 005 | 20220822114416.0 | ||
| 008 | 020628e19960000cl 1 spa d | ||
| 999 | |c 383783 |d 383781 | ||
| 020 | |a 956-7563-02-0 | ||
| 040 | |c Pontificia Universidad Católica de Valparaíso | ||
| 082 | 0 | 4 | |a 907.2 ACA 1996 |2 21 |
| 110 | 2 | |a Academia Chilena de la Historia |e autor |9 620147 | |
| 245 | 1 | 0 | |a V Congreso Iberoamericano de Academias de la Historia. |b Los estudios históricos como expresión de la cultura nacional. |
| 260 | |a Santiago, Chile: |b Academia Chilena de la Historia, |c 1996. | ||
| 300 | |a 388 páginas. | ||
| 500 | |a c.2 Donación Familia Prof. Alejandro Guzmán Brito. | ||
| 518 | |p Sala de Sesiones de la Cámara de Diputados, Santiago, 14 al 18 de octubre de 1996. | ||
| 583 | |a last modification |c 20020628 00:00:00 |k Rodrigo Vera | ||
| 650 | 0 | 0 | |a Historiografía |9 257871 |
| 650 | 0 | 0 | |a Investigación histórica |9 344844 |
| 650 | 0 | 0 | |a Desarrollo cultural |9 267526 |
| 942 | |c BK |2 ddc |n 0 | ||
| 945 | |a cmena |d 20020628 00:00:00 | ||
| 952 | |0 0 |1 0 |4 0 |6 907_200000000000000_ACA_1996 |7 0 |8 DER_HIS |9 506043 |a BIBDER |b BIBDER |d 2020-01-23 |i 3822303 |l 1 |o 907.2 ACA 1996 |p 3822303 |r 2023-01-25 |s 2020-03-17 |w 2020-01-23 |x Ubicación 4to Piso |y BK |z Estos recursos deben solicitarse con anticipación |k DER | ||